|
|
|
|
| LEADER |
02696nam a22005415i 4500 |
| 001 |
978-3-642-53974-9 |
| 003 |
DE-He213 |
| 005 |
20151204190410.0 |
| 007 |
cr nn 008mamaa |
| 008 |
131218s2014 gw | s |||| 0|eng d |
| 020 |
|
|
|a 9783642539749
|9 978-3-642-53974-9
|
| 024 |
7 |
|
|a 10.1007/978-3-642-53974-9
|2 doi
|
| 040 |
|
|
|d GrThAP
|
| 050 |
|
4 |
|a QA76.9.D3
|
| 072 |
|
7 |
|a UN
|2 bicssc
|
| 072 |
|
7 |
|a UMT
|2 bicssc
|
| 072 |
|
7 |
|a COM021000
|2 bisacsh
|
| 082 |
0 |
4 |
|a 005.74
|2 23
|
| 245 |
1 |
0 |
|a Specifying Big Data Benchmarks
|h [electronic resource] :
|b First Workshop, WBDB 2012, San Jose, CA, USA, May 8-9, 2012, and Second Workshop, WBDB 2012, Pune, India, December 17-18, 2012, Revised Selected Papers /
|c edited by Tilmann Rabl, Meikel Poess, Chaitanya Baru, Hans-Arno Jacobsen.
|
| 264 |
|
1 |
|a Berlin, Heidelberg :
|b Springer Berlin Heidelberg :
|b Imprint: Springer,
|c 2014.
|
| 300 |
|
|
|a XII, 203 p. 54 illus.
|b online resource.
|
| 336 |
|
|
|a text
|b txt
|2 rdacontent
|
| 337 |
|
|
|a computer
|b c
|2 rdamedia
|
| 338 |
|
|
|a online resource
|b cr
|2 rdacarrier
|
| 347 |
|
|
|a text file
|b PDF
|2 rda
|
| 490 |
1 |
|
|a Lecture Notes in Computer Science,
|x 0302-9743 ;
|v 8163
|
| 505 |
0 |
|
|a Benchmarking, Foundations and Tools -- Domain Specific Benchmarking -- Benchmarking Hardware -- End-to-End Big Data Benchmarks.
|
| 520 |
|
|
|a This book constitutes the thoroughly refereed revised selected papers of the First Workshop on Big Data Benchmarks, WBDB 2012, held in San Jose, CA, USA, in May 2012 and the Second Workshop on Big Data Benchmarks, WBDB 2012, held in Pune, India, in December 2012. The 14 revised papers presented were carefully reviewed and selected from 60 submissions. The papers are organized in topical sections on benchmarking, foundations and tools; domain specific benchmarking; benchmarking hardware; and endo-to-end big data benchmarks.
|
| 650 |
|
0 |
|a Computer science.
|
| 650 |
|
0 |
|a Database management.
|
| 650 |
|
0 |
|a Data mining.
|
| 650 |
|
0 |
|a Information storage and retrieval.
|
| 650 |
1 |
4 |
|a Computer Science.
|
| 650 |
2 |
4 |
|a Database Management.
|
| 650 |
2 |
4 |
|a Data Mining and Knowledge Discovery.
|
| 650 |
2 |
4 |
|a Information Storage and Retrieval.
|
| 700 |
1 |
|
|a Rabl, Tilmann.
|e editor.
|
| 700 |
1 |
|
|a Poess, Meikel.
|e editor.
|
| 700 |
1 |
|
|a Baru, Chaitanya.
|e editor.
|
| 700 |
1 |
|
|a Jacobsen, Hans-Arno.
|e editor.
|
| 710 |
2 |
|
|a SpringerLink (Online service)
|
| 773 |
0 |
|
|t Springer eBooks
|
| 776 |
0 |
8 |
|i Printed edition:
|z 9783642539732
|
| 830 |
|
0 |
|a Lecture Notes in Computer Science,
|x 0302-9743 ;
|v 8163
|
| 856 |
4 |
0 |
|u http://dx.doi.org/10.1007/978-3-642-53974-9
|z Full Text via HEAL-Link
|
| 912 |
|
|
|a ZDB-2-SCS
|
| 912 |
|
|
|a ZDB-2-LNC
|
| 950 |
|
|
|a Computer Science (Springer-11645)
|